[Event "Ayvalik Chestnut"]
[Site "Ayvalik"]
[Date "2023.09.21"]
[Round "5.1"]
[White "Atakisi, Umut"]
[Black "Shanava, Konstantine"]
[Result "0-1"]
[WhiteElo "2347"]
[BlackElo "2474"]
[PlyCount "76"]
[EventDate "2023.09.18"]
[EventType "schev"]
[EventRounds "9"]
[EventCountry "TUR"]
[SourceTitle "EXT 2024"]
[Source "ChessBase"]
[SourceDate "2023.10.10"]
[SourceVersion "1"]
[SourceVersionDate "2023.10.10"]
[SourceQuality "1"]
[WhiteTeam "Team D"]
[BlackTeam "Team B"]
[WhiteTeamCountry "TUR"]
[BlackTeamCountry "TUR"]

1. d4 d6 2. e4 Nf6 3. Nc3 g6 4. Be3 Bg7 5. f3 c6 6. Qd2 h5 7. h4 b5 8. Nh3 Bxh3 9. Rxh3 Nbd7 10. Nd1 0-0 11. Nf2 e5 12. dxe5 Nxe5 13. 0-0-0 d5 14. f4 Neg4 15. e5 Nxf2 16. Qxf2 Ng4 17. Qe1 f6 18. e6 f5 19. Bc5 Re8 20. e7 Qd7 21. Be2 Nf6 22. Bd3 Kf7 23. Re3 Ng4 24. Re2 Bf6 25. g3 Bxe7 26. Bg1 a5 27. Qd2 a4 28. Rde1 Bf8 29. c4 Rxe2 30. Rxe2 bxc4 31. Bxc4 Nf6 32. Bd3 c5 33. Re5 Rb8 34. Bc2 Qb5 35. Rxd5 Qxb2+ 36. Kd1 Qa1+ 37. Ke2 Qxg1 38. Rd7+ Kg8 0-1

[Event "TUR-chT 1st League"]
[Site "Denizli"]
[Date "2023.07.13"]
[Round "7.21"]
[White "Kacharava, Nikoloz"]
[Black "Atakisi, Umut"]
[Result "1/2-1/2"]
[WhiteElo "2523"]
[BlackElo "2349"]
[PlyCount "139"]
[EventDate "2023.07.09"]
[EventType "team-swiss"]
[EventRounds "9"]
[EventCountry "TUR"]
[SourceTitle "CBM 215 Extra"]
[Source "ChessBase"]
[SourceDate "2023.09.30"]
[SourceVersion "1"]
[SourceVersionDate "2023.09.30"]
[SourceQuality "1"]
[WhiteTeam "Tarsus Zeka"]
[BlackTeam "Mavisehir Altyapi"]
[WhiteTeamCountry "TUR"]
[BlackTeamCountry "TUR"]

1. e4 c5 2. Nf3 e6 3. d4 cxd4 4. Nxd4 Nf6 5. Nc3 Nc6 6. Nxc6 bxc6 7. e5 Nd5 8. Ne4 Bb7 9. Be2 c5 10. 0-0 Qc7 11. Nd6+ Bxd6 12. exd6 Qc6 13. f3 e5 14. c4 Nf4 15. Bxf4 exf4 16. Qd2 0-0 17. Qxf4 Rfe8 18. Bd3 Re6 19. Rad1 g6 20. b3 Rae8 21. Be4 Qa6 22. h4 h5 23. Kh2 Kg7 24. Rf2 Rf6 25. Bxb7 Qxb7 26. Qd2 Qc6 27. Qc3 Ree6 28. Rfd2 Kh7 29. Qd3 Rf4 30. Qd5 Qb6 31. Qg5 Rf5 32. Qg3 Rff6 33. Rd5 a5 34. Re1 Rxd6 35. Rxd6 Qxd6 36. Qxd6 Rxd6 37. Re5 Rd2 38. Rxc5 Rxa2 39. Rd5 Ra3 40. Rxd7 Rxb3 41. Rxf7+ Kh6 42. Ra7 Rb4 43. Rxa5 Rxc4 44. Kg3 Rd4 45. Ra3 Rc4 46. Kh3 Rd4 47. Re3 Rb4 48. g4 hxg4+ 49. fxg4 Ra4 50. Kg3 Rb4 51. Kf3 Ra4 52. Re4 Ra3+ 53. Kf4 Ra1 54. Re3 Ra4+ 55. Kf3 Rb4 56. Ra3 Rc4 57. Rb3 Ra4 58. Rc3 Rb4 59. Rd3 Ra4 60. Kg3 Rb4 61. Ra3 Rc4 62. Rb3 Ra4 63. Rc3 Rb4 64. Rd3 Ra4 65. Rf3 Rb4 66. Rf1 Ra4 67. Rf7 Ra3+ 68. Rf3 Ra4 69. Re3 Rb4 70. Kf3 1/2-1/2

[Event "SRB-chT 1st League CS"]
[Site "Banja Vrujci"]
[Date "2022.10.03"]
[Round "4.4"]
[White "Atakisi, Umut"]
[Black "Danilovic, Aleksandar"]
[Result "1/2-1/2"]
[WhiteElo "2352"]
[BlackElo "2413"]
[PlyCount "61"]
[EventDate "2022.10.01"]
[EventType "team-tourn"]
[EventRounds "11"]
[EventCountry "SRB"]
[SourceTitle "CBM 210 Extra"]
[Source "ChessBase"]
[SourceDate "2022.11.30"]
[SourceVersion "1"]
[SourceVersionDate "2022.11.30"]
[SourceQuality "1"]
[WhiteTeam "Paracin OSK"]
[BlackTeam "Loznica Klupci 75"]
[WhiteTeamCountry "SRB"]
[BlackTeamCountry "SRB"]

1. d4 f5 2. c4 e6 3. g3 Nf6 4. Bg2 d5 5. Nf3 c6 6. 0-0 Bd6 7. b3 Qe7 8. Ne5 0-0 9. Qc2 b6 10. Nd3 Bb7 11. Bf4 Nbd7 12. Bxd6 Qxd6 13. Nd2 Rac8 14. Qb2 c5 15. Qa3 Qb8 16. dxc5 Nxc5 17. Nxc5 Rxc5 18. cxd5 Nxd5 19. Qb2 Rfc8 20. Rac1 Nc3 21. Nc4 Bxg2 22. Kxg2 Nd5 23. Nd2 Nc3 24. Nc4 Ne4 25. Nd2 Qb7 26. Nxe4 Rxc1 27. Rxc1 Rxc1 28. Qxc1 Qxe4+ 29. Kg1 h6 30. Qd2 Kh7 31. f3 1/2-1/2

[Event "Bayern-chI Bank Hofmann 23rd"]
[Site "Tegernsee"]
[Date "2019.10.31"]
[Round "6"]
[White "Atakisi, Umut"]
[Black "Basener, Winfried"]
[Result "1-0"]
[WhiteElo "2393"]
[BlackElo "2084"]
[PlyCount "113"]
[EventDate "2019.10.26"]
[EventType "swiss"]
[EventRounds "9"]
[EventCountry "GER"]
[SourceTitle "CBM 192 Extra"]
[Source "Chessbase"]
[SourceDate "2019.11.06"]
[SourceVersion "1"]
[SourceVersionDate "2019.11.06"]
[SourceQuality "1"]

1. e4 e6 2. d4 d5 3. Nd2 Nf6 4. e5 Nfd7 5. Bd3 c5 6. c3 Nc6 7. Ne2 cxd4 8. cxd4 f6 9. exf6 Nxf6 10. 0-0 Bd6 11. Nf3 Qc7 12. Bg5 0-0 13. Bh4 g6 14. Bg3 Nh5 15. Bxd6 Qxd6 16. Bb5 Rxf3 17. gxf3 Bd7 18. Bxc6 bxc6 19. Rc1 Rf8 20. Rc3 Nf4 21. Nxf4 Rxf4 22. Re1 a5 23. Qd2 Rh4 24. Re5 Kf7 25. f4 a4 26. Rf3 c5 27. h3 Kg7 28. dxc5 Qxc5 29. Qc3 Qxc3 30. bxc3 Kf6 31. Kh2 Rh6 32. Rfe3 Rh5 33. Rxh5 gxh5 34. Kg3 Bb5 35. a3 Be8 36. Re5 Bg6 37. Re2 Ke7 38. Rb2 Kd6 39. Kh4 Kc5 40. Rb4 Bc2 41. Kxh5 Kc6 42. Kh6 Kc7 43. h4 Kc6 44. h5 Kc7 45. Kg7 Kc6 46. h6 Kc7 47. f5 Bxf5 48. Rxa4 e5 49. Kf6 Bc2 50. Rb4 e4 51. a4 Bd3 52. a5 Kc6 53. Ke5 Kc5 54. Rd4 Bc4 55. a6 Bxa6 56. Rxd5+ Kc4 57. Kxe4 1-0

[Event "Bayern-chI Bank Hofmann 23rd"]
[Site "Tegernsee"]
[Date "2019.10.27"]
[Round "2"]
[White "Atakisi, Umut"]
[Black "Walter, Thomas"]
[Result "1/2-1/2"]
[WhiteElo "2393"]
[BlackElo "2102"]
[PlyCount "162"]
[EventDate "2019.10.26"]
[EventType "swiss"]
[EventRounds "9"]
[EventCountry "GER"]
[SourceTitle "CBM 192 Extra"]
[Source "Chessbase"]
[SourceDate "2019.11.06"]
[SourceVersion "1"]
[SourceVersionDate "2019.11.06"]
[SourceQuality "1"]

1. e4 c5 2. Nf3 g6 3. d4 cxd4 4. Nxd4 Nf6 5. Nc3 Nc6 6. Nxc6 bxc6 7. e5 Nd5 8. Nxd5 cxd5 9. Qxd5 Rb8 10. e6 f6 11. Bf4 Rb4 12. 0-0-0 Rxf4 13. exd7+ Bxd7 14. Bb5 Bh6 15. Kb1 Kf8 16. Bxd7 Rxf2 17. Rhe1 Qc7 18. Ba4 Kg7 19. Qd7 Qxd7 20. Rxd7 Bf4 21. Rdxe7+ Kh6 22. Bc6 Rc8 23. R7e6 Kg5 24. h3 h5 25. c3 Be5 26. Bf3 Rb8 27. Re2 Rxe2 28. Bxe2 Bxc3 29. b3 Rd8 30. Kc2 Bb4 31. Bd3 Rd6 32. Re4 a5 33. h4+ Kh6 34. Rc4 Rd5 35. Re4 f5 36. Re6 Rd6 37. Re3 Rd4 38. g3 Rd7 39. Re6 Rd5 40. Re3 Bc5 41. Rf3 Re5 42. Kd1 Bb4 43. Be2 Rd5+ 44. Bd3 Re5 45. Be2 Re6 46. a3 Bxa3 47. Ke1 Bc5 48. Kf1 Kg7 49. Rc3 Re5 50. Bf3 Bb4 51. Rd3 Re1+ 52. Kg2 Rb1 53. Be2 Kf6 54. Kf3 Bc5 55. Rc3 Bd4 56. Rc6+ Kg7 57. Rc7+ Kh6 58. Rb7 Rb2 59. Rb5 Kg7 60. Rxa5 Rxb3+ 61. Kg2 Rb2 62. Kf3 Rb3+ 63. Kg2 Re3 64. Bf3 Re1 65. Ra2 Rg1+ 66. Kh2 Rc1 67. Kg2 Kf7 68. Rd2 Bc5 69. Bd5+ Kf6 70. Re2 Rd1 71. Bf3 Rg1+ 72. Kh2 Rc1 73. Kg2 f4 74. gxf4 Kf5 75. Bd5 Kxf4 76. Re4+ Kf5 77. Rc4 Rxc4 78. Bxc4 Kg4 79. Bd3 g5 80. hxg5 Kxg5 81. Be2 h4 1/2-1/2

[Event "Valjevo Manojlovic Memorial"]
[Site "Valjevo"]
[Date "2019.08.10"]
[Round "8"]
[White "Radovanovic, Nikola"]
[Black "Atakisi, Umut"]
[Result "1/2-1/2"]
[WhiteElo "2414"]
[BlackElo "2401"]
[PlyCount "79"]
[EventDate "2019.08.05"]
[EventType "tourn"]
[EventRounds "9"]
[EventCountry "SRB"]
[EventCategory "6"]
[SourceTitle "EXT 2020"]
[Source "ChessBase"]
[SourceDate "2019.10.17"]
[SourceVersion "1"]
[SourceVersionDate "2019.10.17"]
[SourceQuality "1"]

1. d4 d5 2. c4 c6 3. Nf3 Nf6 4. Nc3 dxc4 5. a4 Bf5 6. Ne5 Nbd7 7. Nxc4 Nb6 8. Ne5 a5 9. f3 Nfd7 10. Nxd7 Nxd7 11. e4 Bg6 12. Be2 Qb6 13. f4 e5 14. dxe5 f5 15. Qd3 Nc5 16. Qh3 Nxe4 17. Nxe4 fxe4 18. Be3 Qb4+ 19. Kf2 Be7 20. Rhf1 0-0 21. Kg1 Bf5 22. g4 Be6 23. f5 Qxb2 24. Rae1 Bd5 25. g5 Qxe5 26. f6 Be6 27. Bg4 Bxg4 28. Qxg4 Bc5 29. Bxc5 Qxc5+ 30. Kh1 g6 31. Rxe4 Rf7 32. Rfe1 Raf8 33. Re5 Qb4 34. Qxb4 axb4 35. R1e4 h6 36. Rxb4 hxg5 37. Rxg5 Rxf6 38. Rxb7 R8f7 39. Rxf7 Kxf7 40. Kg2 1/2-1/2

[Event "Valjevo Manojlovic Memorial"]
[Site "Valjevo"]
[Date "2019.08.09"]
[Round "7"]
[White "Atakisi, Umut"]
[Black "Radovic, Luka"]
[Result "1/2-1/2"]
[WhiteElo "2401"]
[BlackElo "2328"]
[PlyCount "132"]
[EventDate "2019.08.05"]
[EventType "tourn"]
[EventRounds "9"]
[EventCountry "SRB"]
[EventCategory "6"]
[SourceTitle "EXT 2020"]
[Source "ChessBase"]
[SourceDate "2019.10.17"]
[SourceVersion "1"]
[SourceVersionDate "2019.10.17"]
[SourceQuality "1"]

1. d4 Nf6 2. c4 e6 3. Nc3 d5 4. cxd5 exd5 5. Bg5 Be7 6. e3 c6 7. Bd3 Nbd7 8. h3 0-0 9. Qc2 Re8 10. Nge2 Ne4 11. Bf4 Ndf6 12. 0-0 Bd6 13. Bxd6 Qxd6 14. Rae1 Bd7 15. f3 Nxc3 16. Nxc3 c5 17. dxc5 Qxc5 18. Ne4 Nxe4 19. Bxe4 Qxc2 20. Bxc2 Re7 21. Bd3 Rae8 22. Kf2 g6 23. Re2 Kg7 24. Rc1 Rc8 25. Rxc8 Bxc8 26. Rc2 Be6 27. a3 f5 28. f4 Kf6 29. Be2 Rd7 30. Rd2 Ke7 31. g4 Rc7 32. gxf5 gxf5 33. Bd3 Kd6 34. Rc2 Rg7 35. Rc1 a6 36. Be2 Rd7 37. Rg1 Rf7 38. Bd3 Ke7 39. Ke2 Rf6 40. Rg7+ Rf7 41. Rg1 Rf6 42. Rg7+ Rf7 43. Rg5 Kf6 44. Kd2 Rc7 45. Rg1 Rc8 46. Bb1 Rc7 47. Kd3 Rc4 48. b3 Rc7 49. Kd4 Rc8 50. Bd3 Rc7 51. b4 Rc8 52. a4 Bd7 53. a5 Be6 54. Rb1 Bd7 55. b5 axb5 56. Bxb5 Be6 57. Bd3 Ra8 58. Rb5 Ra6 59. Rc5 Ra8 60. Be2 Rg8 61. Bf3 Rg1 62. Rb5 Ra1 63. Bxd5 Rd1+ 64. Kc4 Rc1+ 65. Kd4 Rd1+ 66. Kc4 Rc1+ 1/2-1/2

[Event "Valjevo Manojlovic Memorial"]
[Site "Valjevo"]
[Date "2019.08.08"]
[Round "6"]
[White "Lazov, Toni"]
[Black "Atakisi, Umut"]
[Result "1-0"]
[WhiteElo "2355"]
[BlackElo "2401"]
[PlyCount "107"]
[EventDate "2019.08.05"]
[EventType "tourn"]
[EventRounds "9"]
[EventCountry "SRB"]
[EventCategory "6"]
[SourceTitle "EXT 2020"]
[Source "ChessBase"]
[SourceDate "2019.10.17"]
[SourceVersion "1"]
[SourceVersionDate "2019.10.17"]
[SourceQuality "1"]

1. e4 e5 2. Nf3 Nc6 3. Bc4 Bc5 4. c3 Nf6 5. d3 0-0 6. 0-0 d5 7. exd5 Nxd5 8. b4 Be7 9. b5 Na5 10. Bxd5 Qxd5 11. c4 Qd8 12. Bd2 e4 13. Bxa5 exf3 14. Qxf3 a6 15. a4 Bf6 16. Bc3 axb5 17. Bxf6 Qxf6 18. Qxf6 gxf6 19. cxb5 Rd8 20. Ra3 Bf5 21. Rd1 b6 22. f3 Rd4 23. Nc3 Ra7 24. g4 Bg6 25. Ra2 f5 26. gxf5 Bxf5 27. Kf2 Rxd3 28. Rxd3 Bxd3 29. Ke3 Bc4 30. Rg2+ Kf8 31. Kd4 Bb3 32. Rb2 Be6 33. f4 Ke7 34. Ke4 Kf6 35. Rb4 Ke7 36. f5 Bd7 37. Rc4 f6 38. Nd5+ Kd6 39. Nxf6 c5 40. Nxd7 Rxd7 41. Rc3 Re7+ 42. Kf4 Ra7 43. Rd3+ Ke7 44. Ke5 Rxa4 45. f6+ Kf7 46. Rd7+ Kg8 47. Rg7+ Kf8 48. Rxh7 Ra2 49. Rb7 Rd2 50. Rxb6 c4 51. Rc6 Rb2 52. Ke6 Re2+ 53. Kd5 Rb2 54. Kxc4 1-0

[Event "Kragujevac Milicevic Memorial"]
[Site "Kragujevac"]
[Date "2019.05.04"]
[Round "9"]
[White "Atakisi, Umut"]
[Black "Zlatanovic, Boroljub"]
[Result "1/2-1/2"]
[WhiteElo "2411"]
[BlackElo "2393"]
[PlyCount "20"]
[EventDate "2019.04.28"]
[EventType "tourn"]
[EventRounds "9"]
[EventCountry "SRB"]
[EventCategory "6"]
[SourceTitle "CBM 190 Extra"]
[Source "ChessBase"]
[SourceDate "2019.07.15"]
[SourceVersion "1"]
[SourceVersionDate "2019.07.15"]
[SourceQuality "1"]

1. Nf3 Nf6 2. g3 g6 3. Bg2 Bg7 4. 0-0 0-0 5. d4 d6 6. c4 c5 7. Nc3 Nc6 8. dxc5 dxc5 9. Be3 Be6 10. Bxc5 Qa5 1/2-1/2

[Event "Kragujevac Milicevic Memorial"]
[Site "Kragujevac"]
[Date "2019.05.02"]
[Round "7"]
[White "Ristic, Nenad"]
[Black "Atakisi, Umut"]
[Result "1-0"]
[WhiteElo "2356"]
[BlackElo "2411"]
[PlyCount "79"]
[EventDate "2019.04.28"]
[EventType "tourn"]
[EventRounds "9"]
[EventCountry "SRB"]
[EventCategory "6"]
[SourceTitle "CBM 190 Extra"]
[Source "ChessBase"]
[SourceDate "2019.07.15"]
[SourceVersion "1"]
[SourceVersionDate "2019.07.15"]
[SourceQuality "1"]

1. e4 e5 2. Nf3 Nc6 3. Bb5 a6 4. Ba4 Nf6 5. Nc3 b5 6. Bb3 Be7 7. 0-0 d6 8. Nd5 Na5 9. d4 Nxb3 10. axb3 Nxd5 11. exd5 e4 12. Nd2 f5 13. Qh5+ g6 14. Qe2 c6 15. dxc6 d5 16. Re1 0-0 17. Nf3 Qb6 18. c3 Bf6 19. Ne5 Bxe5 20. dxe5 f4 21. c4 bxc4 22. bxc4 Be6 23. cxd5 Bxd5 24. Bxf4 Rxf4 25. Qd2 Raf8 26. Qxd5+ Kg7 27. Kh1 Qxf2 28. h3 Kh6 29. Rxe4 Rf3 30. Qd4 Qxd4 31. Rxd4 Rf1+ 32. Rxf1 Rxf1+ 33. Kh2 Rc1 34. Rd6 Kg5 35. g4 Rc5 36. Kg3 Kh6 37. h4 Rxe5 38. g5+ Kh5 39. Rd7 h6 40. Rh7 1-0

[Event "Paracin Orbis op "]
[Site "Paracin"]
[Date "2019.04.22"]
[Round "4"]
[White "Atakisi, Umut"]
[Black "Stankovic, Milos"]
[Result "1/2-1/2"]
[WhiteElo "2412"]
[BlackElo "2465"]
[PlyCount "49"]
[EventDate "2019.04.20"]
[EventType "swiss"]
[EventRounds "9"]
[EventCountry "SRB"]
[SourceTitle "CBM 190 Extra"]
[Source "ChessBase"]
[SourceDate "2019.07.15"]
[SourceVersion "1"]
[SourceVersionDate "2019.07.15"]
[SourceQuality "1"]

1. d4 Nf6 2. c4 e6 3. Nc3 Bb4 4. Qc2 c5 5. dxc5 Na6 6. a3 Bxc3+ 7. Qxc3 Nxc5 8. b4 Na4 9. Qc2 b5 10. cxb5 Nb6 11. Nf3 Bb7 12. e3 Rc8 13. Qd1 0-0 14. Be2 d6 15. 0-0 e5 16. Bb2 Qd7 17. Nd2 Qf5 18. Bf3 Bxf3 19. Nxf3 Nc4 20. Qe2 Qh5 21. Rac1 d5 22. Rc2 Rfe8 23. Rfc1 Qf5 24. h3 h5 25. a4 1/2-1/2

[Event "Paracin Orbis op "]
[Site "Paracin"]
[Date "2019.04.21"]
[Round "3"]
[White "Kosic, Dragan"]
[Black "Atakisi, Umut"]
[Result "1/2-1/2"]
[WhiteElo "2508"]
[BlackElo "2412"]
[PlyCount "89"]
[EventDate "2019.04.20"]
[EventType "swiss"]
[EventRounds "9"]
[EventCountry "SRB"]
[SourceTitle "CBM 190 Extra"]
[Source "ChessBase"]
[SourceDate "2019.07.15"]
[SourceVersion "1"]
[SourceVersionDate "2019.07.15"]
[SourceQuality "1"]

1. d4 d5 2. c4 c6 3. Nc3 Nf6 4. e3 e6 5. Bd2 Nbd7 6. cxd5 exd5 7. Bd3 Bd6 8. Nge2 0-0 9. f3 c5 10. 0-0 a6 11. Qe1 Re8 12. Qf2 b5 13. Rac1 Bb7 14. Ng3 g6 15. Nce2 Rc8 16. Bb1 Qb6 17. Bc3 b4 18. dxc5 Bxc5 19. Bd4 Bxd4 20. Nxd4 a5 21. Qd2 Ne5 22. b3 Nc6 23. Nge2 Nxd4 24. Nxd4 Ba6 25. Rxc8 Rxc8 26. Rc1 Rc5 27. Rxc5 Qxc5 28. Bd3 Bxd3 29. Qxd3 Qc1+ 30. Kf2 Kg7 31. Qc2 Qxc2+ 32. Nxc2 Nd7 33. Nd4 Nb8 34. g4 Kf6 35. f4 Ke7 36. g5 Kd6 37. Ke2 Nd7 38. Nf3 f6 39. h4 fxg5 40. hxg5 Nc5 41. Kd2 Ke6 42. Nd4+ Kd6 43. Kc2 Kd7 44. Kd2 Kd6 45. Kc2 1/2-1/2